00626cam a2200193 a 4500020002500000020002500025020002600050040000800076082002600084245007700110260005100187300003500238490004800273650002000321650002000341650002500361700002200386700002400408 a9781617358890 (pbk.) a9781617358906 (hbk.) a9781617358913 (ebook) cDLC00a300 INF 2012 A069 Or.00aAdvances in longitudinal methods in the social and behavioral sciences / aCharlotte, NC :bInformation Age Pub.,cc2012. axiii, 339 p. :bill. ;c24 cm.1 aCILVR series on latent variable methodology 0aSocial sciences 0aSocial sciences 0aLongitudinal method.1 aHarring, Jeffrey,1 aHancock, Gregory R.